00499nam a2200169Ia 4500020001800000082001800018245006500036260003000101300001500131440005500146504001900201650002000220650002600240700001900266700002700285700001700312 a9780415534079 a331.4544 WOM- 0aWomen migrant workers: ethical, political and legal problems aNew YorkbRoutledgec2016 axiii, 269p aRoutledge international studies of women and place aincludes index aWomen Employees aWomen Foreign Workers aMeghani, Zahra aMomsen, Janet Henshall aMonk, Janice